كتاب التاج في أخلاق الملوك للجاحط / (رقم التسجيلة. 147349)

تفاصيل مارك
000 -الفاتح
عناصر البيانات ثابتة الطول 00886nam a22002297i 4500
005 - تاريخ ووقت آخر معاملة
حقل ضبط 20251222093749.0
008 - عناصر البيانات ثابتة الطول
عناصر البيانات ثابتة الطول 250721s2022 msu gr 000 1 ara d
020 ## - الترقيم الدولي المعياري للكتب (ردمك)
الترقيم الدولي المعياري للكتب (ردمك) 9789922623351
082 14 - رقم تصنيف ديوي العشري
رقم التصنيف 810.09035
رقم المادة ج ا ح
100 1# - مدخل رئيسي – اسم شخصي
الاسم الشخصي الكناني، عمرو بن بحر
علاقة الشخص بالعمل/ دوره مؤلف.
245 10 - بيان العنوان
العنوان كتاب التاج في أخلاق الملوك للجاحط /
بيان المسؤولية تأليف عمرو بن بحر الكناني البصري ؛ تحقيق أحمد زكي باشا.
250 ## - بيان الطبعة
بيان الطبعة الطبعة الثانية.
264 31 - بيانات النشر، التوزيع…إلخ
مكان النشر، التوزيع...إلخ بغداد :
اسم الناشر، الموزع...إلخ دار الرافدين،
تاريخ النشر، التوزيع...إلخ 2022.
300 ## - الوصف المادي
عدد الوحدات المكونة للوعاء 302 صفحة.
650 17 - مدخل إضافي بالموضوع - مصطلح موضوعي
مصطلح موضوعي أو اسم جغرافي كعنصر مدخل الأدب.
650 17 - مدخل إضافي بالموضوع - مصطلح موضوعي
مصطلح موضوعي أو اسم جغرافي كعنصر مدخل الملوك والحكام.
650 17 - مدخل إضافي بالموضوع - مصطلح موضوعي
مصطلح موضوعي أو اسم جغرافي كعنصر مدخل النوادر والطرائف.
650 17 - مدخل إضافي بالموضوع - مصطلح موضوعي
مصطلح موضوعي أو اسم جغرافي كعنصر مدخل الأخلاق السياسية.
700 1# - مدخل إضافي - اسم شخصي
الاسم الشخصي باشا، أحمد زكي
علاقة الشخص بالعمل/ دوره محقق.
942 ## - بيانات إضافية (كوها)
نوع التنصيف Dewey Decimal Classification
نوع المادة (كوها) كتب
المقتنيات
حالة السحب حالة الفقدان مصدر التصنيف حالة التلف غير قابل للإعارة المكتبة الرئيسية المكتبة الحالية موقع الرف تاريخ التزويد الرقم المتسلسل Total Checkouts رقم الإستدعاء الباركود تاريخ آخر ظهور تاريخ الفاتورة نوع المادة (كوها)
    Dewey Decimal Classification     المكتبة المركزية المكتبة المركزية الإعارة 28/07/2025 1794708   810.09035 / ج ا ح PLD00516522 28/07/2025 28/07/2025 كتب
Implemented & Customized by: BBB with SCIT (Smart Chains for Information Technology)

Powered by Koha